Análisis estructural de la novela

Gardado en:
Detalles Bibliográficos
Autor Principal: Pizarro, Narciso (Author)
Formato: Libro
Idioma:Lingua castelá
Publicado: Madrid Siglo XXI 1970
Series:Teoría y Crítica
Subjects:
Tags: Engadir etiqueta
Sen Etiquetas, Sexa o primeiro en etiquetar este rexistro!

MARC

LEADER 00000nam a2200000 a 4500
001 UCX5669
003 CL-VaPUC
008 921230e19700000SP |||||||||||||||||spa|d
082 0 4 |a 801.91  |b PIZ  |2 21 
100 0 |a Pizarro, Narciso  |e author  |9 322014 
245 1 0 |a Análisis estructural de la novela 
300 |a 176 p 
942 |c BK 
945 |d 19921230 00:00:00 
260 |a Madrid  |b Siglo XXI  |c 1970 
650 0 |a Sociología de la literatura  |9 321948 
650 7 |a ESTRUCTURALISMO ANALISIS LITERARIO  |2 CL-VaPUC  |9 266031 
583 |a last modification  |c 19921230 00:00:00  |k Rodrigo Vera 
490 0 |a Teoría y Crítica 
999 |c 225868  |d 225866 
952 |0 0  |1 0  |4 0  |6 801_910000000000000_PIZ_1970  |7 0  |8 A  |9 223758  |a BIBEDU  |b BIBEDU  |d 2019-11-15  |i 2925877  |o 801.91 PIZ 1970  |p 2925877  |r 2019-11-15  |w 2019-11-15  |y BK  |k LIT